01315nam a2200325 4500001000800000005001700008008000600025010001700031020001500048040001800063042001000081043001200091050002400103082002100127100001900148245017500167260006200342300004100404490003300445504005400478650006400532650005700596650005800653650005700711650005800768700001700826700001900843830005100862856007600913450448820170831114431.0000  a 97980353  a9966896228 aUOEcDLCdDLC alcode af-ug---00aQK477.2I6bU83 199500a634.9/0967612211 aKatende, A. B.10aUseful trees and shrubs for Uganda :bidentification, propagation, and management for agricultural and pastoral communities /cA.B. Katende, Ann Birnie, and Bo Tengnäs. aNairobi, Kenya :bRegional Soil Conservation Unit,c1995. axxiv, 710 p. :bill., maps ;c25 cm.1 aTechnical handbook ;vno. 10 aIncludes bibliographical references (p. 705-707). 0aTree cropszUgandaxPlant culture2Handbooks. manuals, etc. 0aMultipurpose treeszUgandaxHandbooks, manuals, etc. 0aMultipurpose shrubszUgandaxHandbooks, manuals, etc. 0aTreesxUtilizationzUgandaxHandbooks, manuals, etc. 0aShrubsxUtilizationzUgandaxHandbooks, manuals, etc.1 aBirnie, Ann.1 aTengnäs, Bo. 0aTechnical handbook (Nairobi, Kenya) ;vno. 10.7 3Table of contentsuhttp://lcweb.loc.gov/catdir/toc/97-980353.html2http